[Event "BL 9192 Sindelfingen-Erfurt"]
[Site "?"]
[Date "1992.??.??"]
[Round "?.2"]
[White "Luther, T."]
[Black "Casper, T."]
[Result "1/2-1/2"]
[WhiteElo "2490"]
[BlackElo "2430"]
[PlyCount "34"]
[EventDate "1992.??.??"]

1. e4 d6 2. d4 Nf6 3. Nc3 Nc6 4. Be3 e5 5. Bb5 exd4 6. Qxd4 Be7 7. O-O-O Ng4 8.
Nd5 O-O 9. Bxc6 bxc6 10. Nxe7+ Qxe7 11. f3 Nxe3 12. Qxe3 f5 13. Ne2 fxe4 14.
Nc3 Bf5 15. fxe4 Bg6 16. Rhf1 Rxf1 17. Rxf1 a5 1/2-1/2

[Event "BL 9192 Sindelfingen-Erfurt"]
[Site "?"]
[Date "1992.??.??"]
[Round "?.3"]
[White "Kuczynski, R."]
[Black "Fahnenschmidt, G."]
[Result "1-0"]
[WhiteElo "2500"]
[BlackElo "2375"]
[PlyCount "65"]
[EventDate "1992.??.??"]

1. e4 c5 2. Nf3 e6 3. Nc3 d6 4. d4 cxd4 5. Nxd4 a6 6. Be2 Nf6 7. f4 Be7 8. O-O
Qc7 9. a4 O-O 10. Kh1 Nc6 11. Be3 Bd7 12. Nb3 b6 13. Bf3 Rab8 14. Qe2 Bc8 15.
Bf2 Nd7 16. Rad1 Nc5 17. Nd4 Bb7 18. Qc4 Nxd4 19. Bxd4 Bc6 20. f5 b5 21. axb5
axb5 22. Qb4 Nxe4 23. Bxe4 d5 24. Bc5 Bxc5 25. Qxc5 dxe4 26. f6 gxf6 27. Nxe4
f5 28. Rd7 Qc8 29. Nf6+ Kg7 30. Qe5 Kg6 31. Rd3 Bxg2+ 32. Kxg2 Qxc2+ 33. Kh1
1-0

[Event "BL 9192 Sindelfingen-Erfurt"]
[Site "?"]
[Date "1992.??.??"]
[Round "?.4"]
[White "Marinkovic, I."]
[Black "Budnikov, A."]
[Result "1/2-1/2"]
[WhiteElo "2485"]
[BlackElo "2520"]
[PlyCount "133"]
[EventDate "1992.??.??"]

1. e4 e6 2. d4 d5 3. Nd2 Nf6 4. e5 Nfd7 5. Bd3 c5 6. c3 b6 7. Ne2 Ba6 8. Bb1
Nc6 9. Nf3 Be7 10. O-O b5 11. Re1 b4 12. cxb4 cxb4 13. Be3 Bb5 14. Qd2 a5 15.
b3 a4 16. Bc2 axb3 17. axb3 Ra3 18. Rad1 Na5 19. Rb1 h6 20. Qd1 Nb8 21. Bc1 Ra2
22. Rb2 Ra1 23. Rb1 Rxb1 24. Bxb1 Qb6 25. Bb2 Kd7 26. Nf4 Rd8 27. h4 Na6 28. g3
Nc7 29. Nd2 Nc6 30. Nf1 g5 31. hxg5 hxg5 32. Ne2 Bxe2 33. Rxe2 Nb5 34. Rd2 Nc3
35. Bxc3 bxc3 36. Rd3 Rc8 37. Rxc3 Qxd4 38. Qxd4 Nxd4 39. Rxc8 Kxc8 40. Kg2
Nxb3 41. f4 gxf4 42. gxf4 Ba3 43. Kf3 Bc1 44. Kg4 Kd7 45. Bc2 Na5 46. Kf3 Nc4
47. Ba4+ Ke7 48. Bc2 Kf8 49. Bd3 Kg7 50. Bc2 Kh6 51. Ba4 Nb2 52. Bb5 Kg6 53.
Be2 Kh5 54. Ng3+ Kh6 55. Bb5 d4 56. Ne4 d3 57. Nf2 d2 58. Be2 Na4 59. Nd1 Nb6
60. Ke4 Nd5 61. f5 Ba3 62. fxe6 fxe6 63. Bc4 Nc7 64. Kf4 Kh5 65. Be2+ Kh4 66.
Bc4 Bc5 67. Bf1 1/2-1/2

[Event "BL 9192 Sindelfingen-Erfurt"]
[Site "?"]
[Date "1992.??.??"]
[Round "?.5"]
[White "Mueller, Mat"]
[Black "Kraut, R."]
[Result "1/2-1/2"]
[WhiteElo "2355"]
[BlackElo "2405"]
[PlyCount "29"]
[EventDate "1992.??.??"]

1. e4 c5 2. Nf3 d6 3. d4 cxd4 4. Nxd4 Nf6 5. Nc3 Nc6 6. Be3 Ng4 7. Bg5 Qb6 8.
Bb5 Bd7 9. O-O h6 10. Be3 Nxe3 11. fxe3 e6 12. Qf3 Ne5 13. Bxd7+ Kxd7 14. Qh3
Re8 15. Nd5 1/2-1/2

[Event "BL 9192 Sindelfingen-Erfurt"]
[Site "?"]
[Date "1992.??.??"]
[Round "?.7"]
[White "Maiwald, J."]
[Black "Franke, H."]
[Result "1/2-1/2"]
[WhiteElo "2340"]
[BlackElo "2380"]
[PlyCount "25"]
[EventDate "1992.??.??"]

1. d4 e6 2. c4 f5 3. Nf3 Nf6 4. g3 d5 5. Bg2 Bd6 6. O-O O-O 7. Bf4 Bxf4 8. gxf4
dxc4 9. Na3 Nd5 10. Qc1 Bd7 11. Nxc4 Nc6 12. e3 Qe7 13. a3 1/2-1/2

[Event "BL 9192 Sindelfingen-Erfurt"]
[Site "?"]
[Date "1992.??.??"]
[Round "?.8"]
[White "Werner, Marc"]
[Black "Brueggemann, Joa"]
[Result "1-0"]
[WhiteElo "2335"]
[BlackElo "2305"]
[PlyCount "87"]
[EventDate "1992.??.??"]

1. e4 g6 2. d4 Bg7 3. Nc3 c6 4. Bc4 b5 5. Bb3 d6 6. Qf3 e6 7. Nge2 a6 8. Bf4
Qc7 9. h4 h6 10. Qg3 e5 11. dxe5 dxe5 12. Be3 Nf6 13. f3 Nbd7 14. h5 g5 15. Qf2
a5 16. a3 a4 17. Ba2 Bf8 18. Nd1 b4 19. axb4 Bxb4+ 20. c3 Be7 21. Ng3 Nf8 22.
Bb6 Qd6 23. Ne3 c5 24. Bd5 Ra6 25. Nc4 Qb8 26. Bxc5 Nxd5 27. exd5 Bxc5 28. Qxc5
Nd7 29. Qb4 Qxb4 30. cxb4 O-O 31. Ne4 Bb7 32. Rd1 Rd8 33. O-O Ra7 34. Rf2 f5
35. Ned6 Nb6 36. Nb5 Nxc4 37. Nxa7 Bxd5 38. Nc6 Ne3 39. Nxd8 Nxd1 40. Rd2 Ne3
41. Kf2 f4 42. b5 Ba8 43. Nc6 Kf7 44. Rd8 1-0

[Event "BL 9192 FTG Frankfurt-Bamberg"]
[Site "?"]
[Date "1992.??.??"]
[Round "?.1"]
[White "Unzicker, W."]
[Black "Khalifman, A."]
[Result "1/2-1/2"]
[WhiteElo "2450"]
[BlackElo "2625"]
[PlyCount "54"]
[EventDate "1992.??.??"]

1. d4 Nf6 2. c4 g6 3. g3 Bg7 4. Bg2 O-O 5. Nf3 d5 6. cxd5 Nxd5 7. O-O Nc6 8. e4
Nb6 9. d5 Na5 10. Nc3 c6 11. Re1 Bg4 12. h3 Bxf3 13. Qxf3 Rc8 14. h4 cxd5 15.
exd5 Nac4 16. Rb1 Re8 17. Bh3 Rc5 18. b4 Rc7 19. Bf4 Nd6 20. Ne4 Nbc4 21. Bf1
Nxe4 22. Qxe4 Nd6 23. Qe3 a6 24. Rbc1 Rxc1 25. Rxc1 Nf5 26. Qf3 Qb6 27. a3 Bd4
1/2-1/2

[Event "BL 9192 FTG Frankfurt-Bamberg"]
[Site "?"]
[Date "1992.??.??"]
[Round "?.2"]
[White "Lobron, E."]
[Black "Pfleger, He"]
[Result "1-0"]
[WhiteElo "2575"]
[BlackElo "2495"]
[PlyCount "83"]
[EventDate "1992.??.??"]

1. d4 d5 2. c4 c6 3. Nc3 Nf6 4. cxd5 cxd5 5. Bf4 Nc6 6. e3 e6 7. Bd3 Bd6 8.
Bxd6 Qxd6 9. f4 Bd7 10. Nf3 Rc8 11. O-O Ng4 12. Qe2 f5 13. Ne5 Ncxe5 14. fxe5
Qb6 15. h3 Nh6 16. g4 g6 17. gxf5 Nxf5 18. Bxf5 gxf5 19. Qh5+ Kd8 20. Qf7 Re8
21. Rf2 Re7 22. Qf6 Bc6 23. Kh2 Kd7 24. Rg1 Rce8 25. Rg7 Rxg7 26. Qxg7+ Re7 27.
Qf8 Qd8 28. Qh6 a5 29. Ne2 Kc8 30. Nf4 Bd7 31. Rg2 Kb8 32. h4 Bc8 33. h5 Qc7
34. Qf8 Rf7 35. Qd6 Qxd6 36. exd6 Rd7 37. Nxe6 Rxd6 38. Nf4 Rd7 39. Rg8 b6 40.
Kg3 Kb7 41. h6 Kc7 42. Kh4 1-0

[Event "BL 9192 FTG Frankfurt-Bamberg"]
[Site "?"]
[Date "1992.??.??"]
[Round "?.3"]
[White "Meister, P."]
[Black "Tischbierek, R."]
[Result "0-1"]
[WhiteElo "2410"]
[BlackElo "2485"]
[PlyCount "80"]
[EventDate "1992.??.??"]

1. d4 d6 2. c4 e5 3. Nf3 e4 4. Ng5 f5 5. Nc3 h6 6. Nh3 g5 7. f3 Nf6 8. fxe4
fxe4 9. Nf2 Qe7 10. e3 Bg7 11. g4 h5 12. gxh5 Bf5 13. Bg2 Nbd7 14. Qa4 O-O 15.
O-O c5 16. dxc5 dxc5 17. Bd2 Rad8 18. Qc2 Rfe8 19. Nh1 Bh7 20. Ng3 Qe6 21. Kh1
Qxc4 22. Nf5 Bf8 23. h6 Ne5 24. Ng7 Bxg7 25. hxg7 Nf3 26. Rad1 Qe6 27. Be1 Kxg7
28. Bg3 Bg6 29. Ne2 b6 30. Ng1 Nd5 31. Qc1 Bh5 32. Bxf3 exf3 33. e4 Nf4 34.
Bxf4 Qxe4 35. Rde1 Qxf4 36. Qc3+ Qd4 37. Qc1 Qd5 38. Qc3+ Kg8 39. Rf2 Rxe1 40.
Qxe1 Re8 0-1

[Event "BL 9192 FTG Frankfurt-Bamberg"]
[Site "?"]
[Date "1992.??.??"]
[Round "?.4"]
[White "Gutman, L."]
[Black "Kurz, A."]
[Result "1-0"]
[WhiteElo "2465"]
[BlackElo "2325"]
[PlyCount "93"]
[EventDate "1992.??.??"]

1. d4 Nf6 2. c4 e6 3. Nc3 Bb4 4. f3 c5 5. d5 b5 6. e4 bxc4 7. Bxc4 exd5 8. Bxd5
Nxd5 9. Qxd5 Nc6 10. Nge2 Ba6 11. Ng3 O-O 12. Kf2 Rb8 13. Rd1 Nd4 14. Bf4 Rb6
15. a3 Bxc3 16. bxc3 Rb2+ 17. Rd2 Rxd2+ 18. Bxd2 Ne6 19. Rb1 Qa5 20. Nf5 Qxa3
21. Qd6 Qa2 22. Rb8 h6 23. Kg3 Bf1 24. Ne3 Bc4 25. Nf5 Bf1 26. c4 Qxc4 27. Be1
Qc1 28. Bd2 Qc2 29. Rxf8+ Nxf8 30. Qe5 f6 31. Qe7 Ne6 32. Qe8+ Kh7 33. Ne7 Nf8
34. Qxf8 Bc4 35. Bxh6 gxh6 36. Qxf6 Qd2 37. h4 Be6 38. Kh2 Qe3 39. e5 c4 40. f4
Qe4 41. f5 Qg4 42. fxe6 Qxe6 43. Qxe6 dxe6 44. Nc6 c3 45. Nd4 a5 46. h5 a4 47.
Nc2 1-0

[Event "BL 9192 FTG Frankfurt-Bamberg"]
[Site "?"]
[Date "1992.??.??"]
[Round "?.5"]
[White "Bezold, M."]
[Black "Heyken, E."]
[Result "0-1"]
[WhiteElo "2345"]
[BlackElo "2420"]
[PlyCount "86"]
[EventDate "1992.??.??"]

1. Nf3 e6 2. g3 f5 3. Bg2 Nf6 4. O-O Be7 5. c4 O-O 6. Nc3 a5 7. d3 d6 8. a3 Bd7
9. b3 Na6 10. Rb1 d5 11. Qc2 c6 12. e4 fxe4 13. dxe4 Nc5 14. Ne5 d4 15. Na4 Be8
16. Nxc5 Bxc5 17. b4 axb4 18. axb4 Bd6 19. Nd3 Bg6 20. Qe2 e5 21. c5 Bc7 22. b5
cxb5 23. Rxb5 Ra7 24. Bd2 Qd7 25. Rfb1 Rfa8 26. f3 Qc6 27. Qd1 Bf7 28. Bf1 Nd7
29. Nb4 Qf6 30. Bh3 Qd8 31. Nd5 Nf6 32. Nb6 Bxb6 33. cxb6 Ra2 34. Rxe5 d3 35.
Reb5 Qd4+ 36. Kh1 Qf2 37. R5b2 Rxb2 38. Rxb2 Bh5 39. g4 Bg6 40. Bc3 Qe3 41. Bg2
Rc8 42. Bd2 Qd4 43. h3 Qxb2 0-1

[Event "BL 9192 FTG Frankfurt-Bamberg"]
[Site "?"]
[Date "1992.??.??"]
[Round "?.6"]
[White "Kohlweyer, B."]
[Black "Goetz, R."]
[Result "1/2-1/2"]
[WhiteElo "2405"]
[BlackElo "2355"]
[PlyCount "52"]
[EventDate "1992.??.??"]

1. d4 Nf6 2. c4 g6 3. Nc3 d5 4. Nf3 Bg7 5. cxd5 Nxd5 6. Bd2 O-O 7. Rc1 Nb6 8.
Bg5 Nc6 9. e3 Qd7 10. Bb5 Re8 11. O-O a6 12. Bxc6 Qxc6 13. e4 Qd6 14. h3 c6 15.
Qb3 Qd8 16. Rfd1 Nd7 17. d5 Qa5 18. Bf4 c5 19. a4 Qb4 20. Qc2 c4 21. Na2 Qxb2
22. Qxb2 Bxb2 23. Rxc4 b5 24. Rc2 Ba3 25. axb5 axb5 26. Rb1 Nc5 1/2-1/2

[Event "BL 9192 FTG Frankfurt-Bamberg"]
[Site "?"]
[Date "1992.??.??"]
[Round "?.7"]
[White "Stickler, A."]
[Black "Werner, D."]
[Result "0-1"]
[WhiteElo "2255"]
[BlackElo "2385"]
[PlyCount "88"]
[EventDate "1992.??.??"]

1. d4 Nf6 2. c4 d6 3. Nf3 g6 4. Nc3 Bg7 5. e4 O-O 6. Be2 Nbd7 7. O-O e5 8. Qc2
c6 9. Rd1 Qe7 10. Rb1 h6 11. b4 Nh7 12. dxe5 dxe5 13. Be3 Re8 14. Qd2 h5 15. b5
Bf8 16. bxc6 bxc6 17. Na4 Nhf6 18. Qc2 Ng4 19. Bg5 f6 20. Bd2 Nh6 21. c5 Nf7
22. Be3 Kh7 23. Nd2 Bh6 24. Bxh6 Kxh6 25. Nb3 Nf8 26. Bc4 Ne6 27. Qc3 Nf4 28.
Qe3 Kg7 29. Na5 Rd8 30. Bxf7 Rxd1+ 31. Rxd1 Qxf7 32. Nc3 Qc7 33. Nc4 Be6 34.
Nd6 Qa5 35. Kh1 Rb8 36. g3 Nh3 37. Rd2 Qa3 38. Rc2 Bg4 39. Kg2 Be6 40. f4 exf4
41. gxf4 Rb2 42. Rd2 Rxd2+ 43. Qxd2 Qxc5 44. Ne8+ Kf7 0-1

[Event "BL 9192 FTG Frankfurt-Bamberg"]
[Site "?"]
[Date "1992.??.??"]
[Round "?.8"]
[White "Degenhardt, H."]
[Black "Loew, G."]
[Result "1/2-1/2"]
[WhiteElo "2305"]
[BlackElo "2285"]
[PlyCount "186"]
[EventDate "1992.??.??"]

1. e4 c5 2. Nc3 Nc6 3. f4 g6 4. Nf3 Bg7 5. Bc4 e6 6. f5 Nge7 7. fxe6 fxe6 8. d3
d5 9. Bb3 a6 10. O-O O-O 11. Qe1 b5 12. a3 Qd6 13. Qh4 Nd4 14. Bg5 Nec6 15.
exd5 Nxb3 16. Ne4 Qxd5 17. cxb3 Bb7 18. Bh6 Rf5 19. Bxg7 Kxg7 20. Rac1 Raf8 21.
Nxc5 Rf4 22. Qe1 Nd4 23. Nxb7 Nxf3+ 24. Rxf3 Rxf3 25. gxf3 Qxb7 26. Qe5+ Kh6
27. Qe3+ Kg7 28. Qe4 Qb6+ 29. d4 Rf5 30. Rc6 Qd8 31. Rxe6 Qg5+ 32. Qg4 Qc1+ 33.
Kf2 Qxb2+ 34. Re2 Qxb3 35. Qe4 Qf7 36. Rd2 Rd5 37. Rc2 Rd7 38. Rc6 Qa2+ 39. Kg3
Qf7 40. Qe5+ Kh6 41. h4 Re7 42. Qg5+ Kg7 43. h5 Re1 44. h6+ Kg8 45. Rc8+ Re8
46. Rxe8+ Qxe8 47. Qd5+ Kf8 48. Kf2 Qe7 49. Qa8+ Kf7 50. Qxa6 Qh4+ 51. Ke2 Qxd4
52. Qxb5 Qg1 53. Qb3+ Kf8 54. Qe3 Qh2+ 55. Kd3 Qd6+ 56. Kc4 Qa6+ 57. Kb3 Qb5+
58. Kc2 Qc4+ 59. Qc3 Qe2+ 60. Kb3 Qd1+ 61. Kc4 Qf1+ 62. Kd5 Qd1+ 63. Kc5 Qg1+
64. Kc6 Kf7 65. Qg7+ Ke6 66. Qd7+ Kf6 67. Qd6+ Kf7 68. f4 Qh2 69. Qc7+ Kf6 70.
Qe5+ Kf7 71. Qd5+ Kf6 72. Qd6+ Kf7 73. Qd7+ Kf6 74. Qg7+ Ke6 75. Qg8+ Kf6 76.
Qf8+ Ke6 77. Qe8+ Kf6 78. Qe5+ Kf7 79. Kd6 Qxh6 80. Qe6+ Kg7 81. Qe7+ Kg8 82.
Qe6+ Kg7 83. a4 Qh2 84. Qe5+ Kh6 85. a5 Qd2+ 86. Ke6 Qc2 87. Qg5+ Kg7 88. Qd5
Kh6 89. Kd6 Qc8 90. Qg5+ Kg7 91. Qe7+ Kh6 92. Qc7 Qf5 93. Kc6 Qe4+ 1/2-1/2

[Event "BL 9192 Erfurt-FTG Frankfurt"]
[Site "?"]
[Date "1992.??.??"]
[Round "?.1"]
[White "Khalifman, A."]
[Black "Teske, H."]
[Result "1-0"]
[WhiteElo "2625"]
[BlackElo "2455"]
[PlyCount "121"]
[EventDate "1992.??.??"]

1. d4 e6 2. c4 Bb4+ 3. Nd2 Nf6 4. Ngf3 b6 5. e3 O-O 6. Bd3 d5 7. O-O Bb7 8. a3
Be7 9. cxd5 Nxd5 10. Qc2 g6 11. Nc4 Nd7 12. e4 N5f6 13. b4 a5 14. bxa5 b5 15.
Nce5 Rxa5 16. Nc6 Bxc6 17. Qxc6 b4 18. Bh6 Qa8 19. Rac1 Rc8 20. axb4 Bxb4 21.
Bf4 Qxc6 22. Rxc6 Ra3 23. Rd1 Ne8 24. h3 Bd6 25. Be3 Rb8 26. e5 Be7 27. Be4 Nb6
28. Rb1 Rd8 29. Kf1 Nd5 30. Bd2 Ra7 31. Ke2 Ng7 32. Rbc1 Rd7 33. g4 Ne8 34. Rb1
Rd8 35. Rc2 Ra4 36. Rb7 Ra1 37. Rcb2 Raa8 38. Rc2 Ra4 39. Rcb2 Raa8 40. h4 Bf8
41. Rc2 Be7 42. h5 f5 43. gxf5 gxf5 44. Bd3 Kf7 45. Bc4 Ra3 46. Bc1 Rc3 47.
Rbb2 Ba3 48. Ra2 Bxc1 49. Bxd5 Rxc2+ 50. Rxc2 Rxd5 51. Rxc1 h6 52. Ke3 Ra5 53.
Ne1 Ra6 54. Nd3 Ra3 55. Rc6 Ke7 56. d5 exd5 57. Kd4 Ng7 58. Rxc7+ Kf8 59. Rc8+
Kf7 60. Nc5 Nxh5 61. e6+ 1-0

[Event "BL 9192 Erfurt-FTG Frankfurt"]
[Site "?"]
[Date "1992.??.??"]
[Round "?.2"]
[White "Casper, T."]
[Black "Lobron, E."]
[Result "1-0"]
[WhiteElo "2430"]
[BlackElo "2575"]
[PlyCount "93"]
[EventDate "1992.??.??"]

1. e4 c5 2. Nf3 e6 3. d3 Nc6 4. g3 Nge7 5. Bg2 g6 6. O-O Bg7 7. c3 e5 8. a3 O-O
9. b4 d6 10. Nbd2 h6 11. Rb1 b6 12. Bb2 Bg4 13. Re1 Qd7 14. Nc4 Rad8 15. b5 Nb8
16. a4 Be6 17. Qe2 Qc7 18. Rbc1 Rc8 19. Nh4 g5 20. Nf3 f5 21. exf5 Nxf5 22.
Nfd2 Rce8 23. Ne3 Ne7 24. c4 Nd7 25. Ra1 Nf6 26. Ne4 Nf5 27. Nxf5 Bxf5 28. Bc3
Rf7 29. a5 Ref8 30. axb6 axb6 31. Ra2 Qd7 32. Nxf6+ Bxf6 33. Bd5 Bd8 34. Rea1
Kh8 35. Bxf7 Qxf7 36. Ra8 Kg8 37. Be1 Qg6 38. R1a3 h5 39. Rb8 Qf7 40. Raa8 Be7
41. Bd2 Qg6 42. Rxf8+ Bxf8 43. Qf3 Kf7 44. h3 g4 45. Qb7+ Kg8 46. Qe7 Qf7 47.
Qxd6 1-0

[Event "BL 9192 Erfurt-FTG Frankfurt"]
[Site "?"]
[Date "1992.??.??"]
[Round "?.3"]
[White "Tischbierek, R."]
[Black "Kuczynski, R."]
[Result "0-1"]
[WhiteElo "2485"]
[BlackElo "2500"]
[PlyCount "88"]
[EventDate "1992.??.??"]

1. e4 c5 2. Nc3 d6 3. f4 Nc6 4. Nf3 g6 5. Bb5 Bd7 6. O-O Bg7 7. d3 a6 8. Bxc6
Bxc6 9. Qe1 Qd7 10. Bd2 e6 11. f5 O-O-O 12. Kh1 exf5 13. exf5 Ne7 14. Ne4 Nxf5
15. Bc3 Rhe8 16. Bxg7 Nxg7 17. Qc3 Nh5 18. b4 f5 19. Ned2 Qg7 20. Qxg7 Nxg7 21.
bxc5 dxc5 22. Rf2 Nh5 23. Kg1 Kc7 24. a4 a5 25. Nc4 b6 26. Nfd2 Nf6 27. h3 Nd5
28. Nf3 Re7 29. Nfe5 Rde8 30. Nxc6 Kxc6 31. Rb1 Re1+ 32. Rf1 Rxb1 33. Rxb1 Re6
34. Kf1 Kc7 35. Na3 h5 36. Kf2 h4 37. Nb5+ Kc6 38. d4 c4 39. Ra1 g5 40. Na3 Re4
41. Rd1 Nc3 42. d5+ Nxd5 43. Nb5 Kc5 44. c3 g4 0-1

[Event "BL 9192 Erfurt-FTG Frankfurt"]
[Site "?"]
[Date "1992.??.??"]
[Round "?.4"]
[White "Budnikov, A."]
[Black "Gutman, L."]
[Result "1/2-1/2"]
[WhiteElo "2520"]
[BlackElo "2465"]
[PlyCount "63"]
[EventDate "1992.??.??"]

1. d4 Nf6 2. c4 g6 3. Nc3 Bg7 4. e4 O-O 5. Bg5 c6 6. Bd3 d5 7. cxd5 cxd5 8. e5
Ne8 9. Be3 Nc6 10. f4 f6 11. Nf3 Bh6 12. O-O Ng7 13. Qb3 fxe5 14. Nxe5 Be6 15.
Rae1 Nxe5 16. fxe5 Rxf1+ 17. Bxf1 Bxe3+ 18. Rxe3 Nf5 19. Rd3 b6 20. Ne2 Rc8 21.
Nf4 Ng7 22. Rc3 Rxc3 23. Qxc3 Bf7 24. Bb5 g5 25. Ne2 Be6 26. Qc1 h6 27. h4 Qc8
28. Qxc8+ Bxc8 29. hxg5 hxg5 30. Bc6 Ba6 31. Ng3 Bd3 32. Kf2 1/2-1/2

[Event "BL 9192 Erfurt-FTG Frankfurt"]
[Site "?"]
[Date "1992.??.??"]
[Round "?.6"]
[White "Schwarz, M."]
[Black "Kohlweyer, B."]
[Result "1/2-1/2"]
[WhiteElo "2380"]
[BlackElo "2405"]
[PlyCount "32"]
[EventDate "1992.??.??"]

1. Nf3 Nf6 2. g3 d5 3. Bg2 c6 4. O-O Bf5 5. d3 e6 6. c4 Nbd7 7. Nc3 Be7 8. cxd5
exd5 9. Nd4 Bg6 10. e4 O-O 11. Nb3 dxe4 12. dxe4 Nc5 13. Nxc5 Qxd1 14. Rxd1
Bxc5 15. Bg5 Ng4 16. Rd2 f5 1/2-1/2

[Event "BL 9192 Erfurt-FTG Frankfurt"]
[Site "?"]
[Date "1992.??.??"]
[Round "?.7"]
[White "Werner, D."]
[Black "Maiwald, J."]
[Result "1/2-1/2"]
[WhiteElo "2385"]
[BlackElo "2340"]
[PlyCount "39"]
[EventDate "1992.??.??"]

1. e4 e6 2. d4 d5 3. Nd2 dxe4 4. Nxe4 Nd7 5. Nf3 Ngf6 6. Bg5 h6 7. Nxf6+ Nxf6
8. Bh4 Be7 9. Bd3 O-O 10. Qe2 c5 11. dxc5 Qa5+ 12. c3 Qxc5 13. O-O-O Nd5 14.
Qe4 g6 15. Bxe7 Qxe7 16. Rhe1 Qf6 17. Ne5 Rb8 18. g3 b5 19. f4 Rb6 20. Bc2
1/2-1/2

[Event "BL 9192 Bamberg-Sindelfingen"]
[Site "?"]
[Date "1992.??.??"]
[Round "?.2"]
[White "Pfleger, He"]
[Black "Luther, T."]
[Result "1/2-1/2"]
[WhiteElo "2495"]
[BlackElo "2490"]
[PlyCount "145"]
[EventDate "1992.??.??"]

1. c4 e6 2. Nf3 Nf6 3. g3 d5 4. Bg2 dxc4 5. Qa4+ Nbd7 6. Qxc4 c5 7. O-O b6 8.
b3 Bb7 9. Bb2 Be7 10. d3 O-O 11. Nbd2 Rc8 12. Rac1 Nb8 13. Rfd1 Nc6 14. Ne5
Nxe5 15. Bxe5 Bxg2 16. Kxg2 Qd5+ 17. Nf3 Rfd8 18. Qa6 Qa8 19. Bb2 Nd7 20. Rc2
Nb8 21. Qa4 Nc6 22. a3 Qb7 23. Kg1 Bf8 24. Rdc1 Ne7 25. Qg4 Qd5 26. Nd2 Ng6 27.
b4 Qd7 28. bxc5 Rxc5 29. Rxc5 Bxc5 30. h4 f5 31. Qc4 Qd6 32. Kg2 Ne5 33. Bxe5
Qxe5 34. Nf3 Qd5 35. a4 Qxc4 36. Rxc4 Kf8 37. d4 Bd6 38. Ng5 Ke7 39. Nxh7 a6
40. Rc6 Rb8 41. Ng5 Kd7 42. Rc1 b5 43. axb5 axb5 44. Nf7 b4 45. Kf3 Ke7 46.
Nxd6 Kxd6 47. Ke3 b3 48. Kd3 b2 49. Rb1 Kd5 50. Kc3 Rc8+ 51. Kxb2 Kxd4 52. Rc1
Rb8+ 53. Kc2 Ke5 54. Kd3 Kf6 55. f4 Ra8 56. Rc3 Ra4 57. Ke3 Ra1 58. Kf2 Rb1 59.
Rc5 Ra1 60. Re5 Ra4 61. Kf3 Ra1 62. e3 Rf1+ 63. Kg2 Ra1 64. g4 fxg4 65. Rg5
Ra2+ 66. Kg3 Re2 67. Re5 Re1 68. Kxg4 g6 69. h5 gxh5+ 70. Kxh5 Rg1 71. e4 Re1
72. Kg4 Re3 73. Kh4 1/2-1/2

[Event "BL 9192 Bamberg-Sindelfingen"]
[Site "?"]
[Date "1992.??.??"]
[Round "?.3"]
[White "Fahnenschmidt, G."]
[Black "Meister, P."]
[Result "0-1"]
[WhiteElo "2375"]
[BlackElo "2410"]
[PlyCount "106"]
[EventDate "1992.??.??"]

1. Nf3 c5 2. e4 d6 3. d4 cxd4 4. Nxd4 Nf6 5. Nc3 g6 6. Be3 Bg7 7. f3 Nc6 8. Qd2
O-O 9. Bc4 Bd7 10. h4 h5 11. O-O-O Ne5 12. Bb3 Qa5 13. Kb1 Rfc8 14. Bg5 Qd8 15.
f4 Nc4 16. Qe2 Bg4 17. Nf3 Nxb2 18. Kxb2 Rxc3 19. e5 Rc5 20. Bxf6 exf6 21. Rxd6
Qa5 22. Qe1 fxe5 23. Qxa5 Rxa5 24. Kb1 e4 25. Ng5 Rf5 26. Nxe4 Rxf4 27. Ng5 Kf8
28. Nh7+ Ke7 29. Rd3 Be5 30. Re1 f6 31. Rd5 Rf5 32. Bc4 Rd8 33. Nxf6 Rxd5 34.
Nxd5+ Kd6 35. Ne3 Rf2 36. Nxg4 hxg4 37. Rd1+ Ke7 38. Bd5 b6 39. a3 Bf6 40. Be4
Re2 41. Bc6 a5 42. a4 g3 43. Bf3 Rf2 44. Re1+ Kd6 45. Re4 Kc5 46. Rg4 b5 47.
axb5 Kxb5 48. Ka2 Rxc2+ 49. Kb3 Rd2 50. Re4 a4+ 51. Ka3 Bb2+ 52. Ka2 Bd4+ 53.
Kb1 a3 0-1

[Event "BL 9192 Bamberg-Sindelfingen"]
[Site "?"]
[Date "1992.??.??"]
[Round "?.4"]
[White "Kurz, A."]
[Black "Marinkovic, I."]
[Result "1/2-1/2"]
[WhiteElo "2325"]
[BlackElo "2485"]
[PlyCount "120"]
[EventDate "1992.??.??"]

1. d4 Nf6 2. c4 c5 3. d5 b5 4. cxb5 a6 5. f3 axb5 6. e4 Qa5+ 7. Nc3 b4 8. Nb5
d6 9. Be3 Nbd7 10. Nh3 g6 11. Be2 Ba6 12. a4 Bg7 13. O-O O-O 14. Nf2 Ne8 15.
Rb1 Nc7 16. Nxc7 Qxc7 17. b3 Qb7 18. Bxa6 Qxa6 19. Qd3 f5 20. Rfe1 f4 21. Bc1
Ne5 22. Qxa6 Rxa6 23. Bb2 g5 24. Kf1 c4 25. bxc4 Rxa4 26. Rec1 Rc8 27. Bxe5
Bxe5 28. Nd3 Bc3 29. e5 dxe5 30. c5 Kf7 31. Rc2 Kf6 32. Nf2 Kg6 33. Ne4 Ra5 34.
d6 exd6 35. cxd6 Rd8 36. Rd1 Ra6 37. Rd5 Ra1+ 38. Ke2 Bd4 39. Rb5 Rb1 40. Rc7
Rb2+ 41. Kd3 Rxg2 42. Rbb7 h6 43. Rf7 Kh5 44. Rf6 Rh8 45. d7 Ra2 46. Nd6 e4+
47. Kxd4 exf3 48. Rxb4 f2 49. Rb1 Rd8 50. Rxh6+ Kxh6 51. Nf7+ Kh5 52. Nxd8 Rd2+
53. Ke4 Rxd7 54. Nc6 Kh4 55. Ne5 Ra7 56. Rf1 Ra2 57. Kf3 Kh3 58. Rxf2 Rxf2+ 59.
Kxf2 Kxh2 60. Kf3 Kg1 1/2-1/2

[Event "BL 9192 Bamberg-Sindelfingen"]
[Site "?"]
[Date "1992.??.??"]
[Round "?.5"]
[White "Kraut, R."]
[Black "Bezold, M."]
[Result "1/2-1/2"]
[WhiteElo "2405"]
[BlackElo "2345"]
[PlyCount "65"]
[EventDate "1992.??.??"]

1. e4 g6 2. d4 Bg7 3. Nc3 d6 4. f4 a6 5. Nf3 Nd7 6. Bc4 e6 7. f5 Nb6 8. Bd3 Ne7
9. fxe6 Bxe6 10. O-O O-O 11. Ne2 c5 12. c3 Rc8 13. b3 h6 14. Be3 cxd4 15. cxd4
d5 16. e5 Bf5 17. Ng3 Bxd3 18. Qxd3 Qd7 19. h3 Nc6 20. Qd2 Kh7 21. Nh2 Qe7 22.
Ng4 Qb4 23. Bxh6 Qxd2 24. Bxd2 Nd7 25. Ne2 f6 26. exf6 Nxf6 27. Nxf6+ Bxf6 28.
Bc3 Bg5 29. Rxf8 Rxf8 30. Re1 Re8 31. Kf1 Rf8+ 32. Kg1 Re8 33. Kf1 1/2-1/2

[Event "BL 9192 Bamberg-Sindelfingen"]
[Site "?"]
[Date "1992.??.??"]
[Round "?.6"]
[White "Goetz, R."]
[Black "Gerstner, W."]
[Result "0-1"]
[WhiteElo "2355"]
[BlackElo "2405"]
[PlyCount "80"]
[EventDate "1992.??.??"]

1. e4 c5 2. Nf3 e6 3. d4 cxd4 4. Nxd4 a6 5. Bd3 Nc6 6. Nxc6 dxc6 7. O-O e5 8.
Nd2 Ne7 9. Nc4 Ng6 10. a4 Bc5 11. Be3 Bxe3 12. Nxe3 O-O 13. Bc4 Qd4 14. Qxd4
exd4 15. Nd1 Re8 16. f3 a5 17. Nf2 Ne5 18. Be2 Be6 19. f4 Bc4 20. Bd3 Nxd3 21.
cxd3 Ba6 22. Rfc1 Rac8 23. Kf1 c5 24. Rc2 g6 25. Rac1 b6 26. Ke1 f5 27. e5 g5
28. g3 gxf4 29. gxf4 Kf7 30. Rd2 Rg8 31. Nh3 h6 32. Kf2 Bb7 33. Rg1 Bc6 34. b3
Bd5 35. Rg3 Rc6 36. Rb2 Rcg6 37. Ng1 Rg4 38. Ne2 h5 39. h3 Rxg3 40. Nxg3 h4 0-1

[Event "BL 9192 Bamberg-Sindelfingen"]
[Site "?"]
[Date "1992.??.??"]
[Round "?.7"]
[White "Franke, H."]
[Black "Stickler, A."]
[Result "1/2-1/2"]
[WhiteElo "2380"]
[BlackElo "2255"]
[PlyCount "58"]
[EventDate "1992.??.??"]

1. d4 Nf6 2. Nf3 e6 3. Bg5 h6 4. Bh4 b6 5. e3 Bb7 6. Nbd2 c5 7. c3 Be7 8. Bd3
cxd4 9. cxd4 O-O 10. O-O d6 11. Qe2 Nbd7 12. Rac1 Re8 13. e4 Nh5 14. Bxe7 Rxe7
15. g3 Nhf6 16. Ba6 Bxa6 17. Qxa6 d5 18. e5 Ne8 19. Rc2 Nf8 20. Rfc1 Rc7 21.
Rxc7 Nxc7 22. Qb7 Ne8 23. b4 Ng6 24. a4 Qb8 25. Qa6 Nc7 26. Qd3 Qb7 27. Nb3 Rc8
28. a5 Ne7 29. Nfd2 bxa5 1/2-1/2

[Event "BL 9192 Bamberg-Sindelfingen"]
[Site "?"]
[Date "1992.??.??"]
[Round "?.8"]
[White "Loew, G."]
[Black "Werner, Marc"]
[Result "0-1"]
[WhiteElo "2285"]
[BlackElo "2335"]
[PlyCount "36"]
[EventDate "1992.??.??"]

1. e4 g6 2. d4 Bg7 3. Nc3 d6 4. Bc4 Nf6 5. Qe2 Nc6 6. e5 Nd7 7. Nf3 Nb6 8. Bb5
O-O 9. Bf4 dxe5 10. dxe5 Nd4 11. Nxd4 Qxd4 12. Bg3 Be6 13. O-O c6 14. Bd3 Nc4
15. Bxc4 Bxc4 16. Rfd1 Qxc3 17. Qg4 Qxc2 18. Rac1 Be2 0-1

[Event "BL 9192 Hannover-Koblenz"]
[Site "?"]
[Date "1992.??.??"]
[Round "?.2"]
[White "Dankert, P."]
[Black "Dizdar, G."]
[Result "1/2-1/2"]
[WhiteElo "2265"]
[BlackElo "2495"]
[PlyCount "61"]
[EventDate "1992.??.??"]

1. d4 e6 2. c4 Nf6 3. Nf3 d5 4. g3 Bb4+ 5. Bd2 Be7 6. Bg2 c6 7. Qc2 O-O 8. O-O
b6 9. b3 Nbd7 10. Bf4 Ba6 11. Nbd2 Rc8 12. e4 c5 13. e5 Nh5 14. Rfd1 cxd4 15.
Nxd4 b5 16. Rac1 bxc4 17. bxc4 Nb6 18. Be3 g6 19. Qb2 Nxc4 20. Nxc4 Bxc4 21.
Nb5 Qa5 22. Nd6 Rc7 23. Qd4 Ng7 24. g4 Qxa2 25. Ra1 Qb3 26. Rab1 Qa4 27. Ra1
Qb3 28. Rab1 Qa4 29. Ra1 Qb3 30. Rab1 Qa4 31. Ra1 1/2-1/2